Kiến trúc

Gardado en:
Detalles Bibliográficos
Formato: Libro
Idioma:Undetermined
Publicado: Hà Nội Hội Kiến trúc sư Việt Nam 2019
Những chủ đề:
Các nhãn: Engadir etiqueta
Sen Etiquetas, Sexa o primeiro en etiquetar este rexistro!
Thư viện lưu trữ: Trung tâm Học liệu Trường Đại học Cần Thơ
LEADER 00515nam a2200181Ia 4500
001 CTU_233713
008 210402s9999 xx 000 0 und d
020 |c 35000 
082 |a 720 
082 |b K305 
245 0 |a Kiến trúc 
245 0 |c Hội Kiến trúc sư Việt Nam 
260 |a Hà Nội 
260 |b Hội Kiến trúc sư Việt Nam 
260 |c 2019 
650 |a Architecture,Kiến trúc 
904 |i T.Trang 
980 |a Trung tâm Học liệu Trường Đại học Cần Thơ